| 000 | 00783nam a22002057a 4500 | ||
|---|---|---|---|
| 005 | 20210701130042.0 | ||
| 008 | 210701b py ||||| |||| 00| 0 spa d | ||
| 020 | _a9992572140 | ||
| 050 | 0 | 4 |
_aPN4793.M6 _bR63 2004 |
| 100 | 1 | _aRocha, Dorangélica de la | |
| 245 | 1 | 3 |
_aLa formación profesional del periodista _c/ Dorangélica de la Rocha ; prólogo Benjamín Fernández Bogado |
| 250 | _a1a ed. | ||
| 260 |
_aAsunción : _bInstituto Prensa y Libertad : _bIntercontinental editora, _c2004 |
||
| 300 |
_a161 p. ; _c23 cm. |
||
| 504 | _aIncluye anexos, bibliografía : p. 131-136 | ||
| 650 | 7 |
_2lemb _aPeriodismo _zMéxico |
|
| 650 | 7 |
_2lemb _aPeriodismo _xEstudio y enseñanza _zMéxico _zSinaloa (Estado) |
|
| 700 | 1 |
_aFernandez Bogado, Benjamín _eprologuista |
|
| 942 |
_2lcc _cLIB |
||
| 999 |
_c156675 _d156673 |
||